PRINCIPLE OF CLINICAL RESEARCH (Record no. 5901)

MARC details
000 -LEADER
fixed length control field 00409nam a22001577a 4500
005 - DATE AND TIME OF LATEST TRANSACTION
control field 20210828110109.0
008 - FIXED-LENGTH DATA ELEMENTS--GENERAL INFORMATION
fixed length control field 190530b xxu||||| |||| 00| 0 eng d
020 ## - INTERNATIONAL STANDARD BOOK NUMBER
ISBN 978-93-82448-39-6
041 ## - LANGUAGE CODE
Language code of text/sound track or separate title eng
100 ## - MAIN ENTRY--AUTHOR NAME
Personal name GHOOI, RAVINDRA.B AND ITKAR, SACHIN C.
245 ## - TITLE STATEMENT
Title PRINCIPLE OF CLINICAL RESEARCH
250 ## - EDITION STATEMENT
Edition statement 3rd , Ed. 2018
260 ## - PUBLICATION, DISTRIBUTION, ETC. (IMPRINT)
Place of publication PUNE
Name of publisher NIRALI PRAKASHAN
300 ## - PHYSICAL DESCRIPTION
Number of Pages 1.2p,
942 ## - ADDED ENTRY ELEMENTS (KOHA)
Koha item type Books
Holdings
Lost status Damaged status Collection code Home library Current library Shelving location Date acquired Source of acquisition Cost, normal purchase price Accession Number Koha item type
    PHARMACY JRU Library JRU Library Shelf - 26- G 30/05/2019 PURCHESS 250.00 22863 Books
    PHARMACY JRU Library JRU Library Shelf - 26- G 30/05/2019 PURCHESS 250.00 22864 Books
    Reference JRU Library JRU Library SHELF-4-E 30/05/2019 PURCHESS 250.00 22865 Books